000
00245nam a2200109Ia 4500
008
220204s9999 xx 000 0 und d
082
_a
82-3
_b
KAY
100
_a
Kaye, M M
245
0
_a
Trade wind
260
_a
England
_b
Penguin
_c
1981
942
_c
BK
999
_c
38763
_d
38763